December 2010 : 100 free software, 20 free utilities, 30 dev (Record no. 139629)

000 -LEADER
fixed length control field 00273nmm a2200097Ia 4500
008 - FIXED-LENGTH DATA ELEMENTS--GENERAL INFORMATION
fixed length control field 220120s9999||||xx |||||||||||||||||und||
020 ## - INTERNATIONAL STANDARD BOOK NUMBER
International Standard Book Number 0-07-136172-3
100 ## - MAIN ENTRY--PERSONAL NAME
Personal name PCQ
245 #0 - TITLE STATEMENT
Title December 2010 : 100 free software, 20 free utilities, 30 dev
260 ## - PUBLICATION, DISTRIBUTION, ETC.
Place of publication, distribution, etc. Cybertech
Name of publisher, distributor, etc. New york
Holdings
Withdrawn status Lost status Damaged status Not for loan Home library Current library Date acquired Barcode Date last seen Price effective from Koha item type
        Central Library Central Library 01/20/2022 CD1180 01/20/2022 01/20/2022 Compact Disc

Powered by Koha